000
00224nam a22000857a 4500
008
160718b xxu||||| |||| 00| 0 eng d
100
_9
2998
_a
Saxena, S.C
245
_a
Elementary Mathematics - 1
260
_a
New Delhi
_b
Asian
_c
2004
999
_c
2561
_d
2561